| 000 | 004350000a22001690004500 | ||
|---|---|---|---|
| 003 | MACL | ||
| 005 | 20150821114434.0 | ||
| 008 | 150821b xxu||||| |||| 00| 0 eng d | ||
| 040 |
_aMACL _cMACL |
||
| 041 | _aEnglish | ||
| 082 | _a615.53 | ||
| 100 |
_aInvis Multimedia _96405 |
||
| 245 |
_aPanchakarma _bAyurveda's Mantra Of Rejuvenation |
||
| 260 |
_bInvis Multimedia _c2005 |
||
| 650 |
_aMedical science _985 |
||
| 942 |
_cBK _k615.53 _2ddc |
||
| 999 |
_c2410 _d2410 |
||